The sources and influence of the novels of Charles Brockden Brown.

Bibliographic Details
Main Author: Wiley, Lulu Rumsey
Format: Book
Language:English
Published: New York : Vantage Press, [1950]
Subjects:

MARC

Tag First Indicator Second Indicator Subfields
LEADER 00000cam a2200000 i 4500
001 in00000025559
005 20151007062501.0
008 771209s1950 nyu b 00000 eng
010 |a  51010089  
035 |a (OCoLC)03476015 
035 |9 AAD5017AM 
040 |a DLC  |c PBU  |d TXA  |d UtOrBLW 
049 |a TXAM  |c [201676] 
050 0 |a PS1136  |b .W5 
082 1 |a 813.23 
092 |a 813  |b B877Yw 
100 1 |a Wiley, Lulu Rumsey. 
245 1 4 |a The sources and influence of the novels of Charles Brockden Brown. 
264 1 |a New York :  |b Vantage Press,  |c [1950] 
264 4 |c ©1950 
300 |a iv, 381 pages ;  |c 22 cm. 
336 |a text  |b txt  |2 rdacontent 
337 |a unmediated  |b n  |2 rdamedia 
338 |a volume  |b nc  |2 rdacarrier 
504 |a Bibliography: pages 364-381. 
600 1 0 |a Brown, Charles Brockden,  |d 1771-1810. 
999 |a MARS 
999 f f |s 6777314d-fde9-3b91-b64d-eeecb823e943  |i 12b3d7fe-c9a4-3a6f-8af7-e7074249bc06  |t 0 
952 f f |p ric  |a Texas A&M University  |b Rellis Campus  |c Joint Library Facility  |d Remote Storage  |t 0  |e PS1136 .W5  |h Library of Congress classification  |i unmediated -- volume  |m A14801230265 
998 f f |a PS1136 .W5  |t 0  |l Remote Storage